000 00994nam a2200205Ia 4500
999 _c36830
_d36830
003 Ge_BSU
005 20211119133236.0
008 181216s1997||||ge |||||||||||||| ||geo||
041 _ageo
080 _a330.110(075.8) ფ–67
100 _aფიშერი, რ.
_9433
245 _aეკონომიკა (EKONOMICS)
_bოთხ ტომად : ტ 1. /
_cს.ფიშერი, რ.დორნბუში, რ. შმალენზი, მთარგმნ : და პ|მგ.რედ :კარლო ღურწკაია.
264 _aთბილისი,
_c1997.
300 _a506 გვ :
_c20 სმ .
653 _aეკონომიკის თეორია
700 _aდორნბუში, რ.
_9434
_eავტორი
700 _aშმალენზი, რ.
_9435
_eავტორი
700 _aღურწკაია, კარლო
_eპასუხისმგებელი რედაქტორი
_9436
942 _cBK
_2udc